000 00509nam a2200193Ia 4500
003 GCL
008 140319s9999 xx 000 0 eng d
040 _aGCL /
_cGCL
082 0 4 _aCC
_b297.1
_bS I
100 1 _aSEYYED, HOSSEIN NASR
245 1 0 _aIDEALS AND REALITIES OF ISLAM /
_cSEYYED, HOSSEIN NASR
260 _a[S.N] :
_bTHE AMERICAN UNIVERSITY IN CAIRO PRESS ،
_c1989
300 _a188
650 0 4 _aنجد
650 0 4 _aJURIS PRUDENCES
650 0 4 _aSUNNA
650 0 4 _aSHICA
942 _2ddc
_cBK
999 _c12625
_d12625